Physical fitness : (Record no. 291956)
[ view plain ]
| 000 -LEADER | |
|---|---|
| fixed length control field | 00658nam a2200241Ia 4500 |
| 008 - FIXED-LENGTH DATA ELEMENTS--GENERAL INFORMATION | |
| fixed length control field | 160319s9999 xx 000 0 und d |
| 020 ## - INTERNATIONAL STANDARD BOOK NUMBER | |
| International Standard Book Number | 971-23-2704-3 |
| 050 ## - LIBRARY OF CONGRESS CALL NUMBER | |
| Classification number | FIL GV 436 |
| 050 ## - LIBRARY OF CONGRESS CALL NUMBER | |
| Item number | .O93 2000 c.1 |
| 100 ## - MAIN ENTRY--PERSONAL NAME | |
| Personal name | Oyco, Virginia D. |
| 245 ## - TITLE STATEMENT | |
| Title | Physical fitness : |
| 245 ## - TITLE STATEMENT | |
| Remainder of title | for college freshmen / |
| 245 ## - TITLE STATEMENT | |
| Statement of responsibility, etc | Virginia D. Oyco. |
| 260 ## - PUBLICATION, DISTRIBUTION, ETC. (IMPRINT) | |
| Place of publication, distribution, etc | Manila : |
| 260 ## - PUBLICATION, DISTRIBUTION, ETC. (IMPRINT) | |
| Name of publisher, distributor, etc | Rex Book Store, Inc., |
| 260 ## - PUBLICATION, DISTRIBUTION, ETC. (IMPRINT) | |
| Date of publication, distribution, etc | 2000 |
| 300 ## - PHYSICAL DESCRIPTION | |
| Extent | 131 pages : |
| 300 ## - PHYSICAL DESCRIPTION | |
| Other physical details | illustrations ; |
| 300 ## - PHYSICAL DESCRIPTION | |
| Dimensions | 22 cm. |
| 500 ## - GENERAL NOTE | |
| General note | Includes bibliographical references. |
| 650 ## - SUBJECT ADDED ENTRY--TOPICAL TERM | |
| Topical term or geographic name as entry element | Physical education and training -- Philippines. |
| 650 ## - SUBJECT ADDED ENTRY--TOPICAL TERM | |
| General subdivision | Physical fitness. |
| Withdrawn status | Lost status | Damaged status | Home library | Current library | Shelving location | Date acquired | Cost, normal purchase price | Total Checkouts | Full call number | Barcode | Date last seen | Price effective from | Koha item type |
|---|---|---|---|---|---|---|---|---|---|---|---|---|---|
| South Mansfield College | South Mansfield College | Filipiniana Section | 121.00 | FIL GV 436 .O93 2000 c.1 | SMC00016 | 03/19/2016 | 03/19/2016 |